[Event "Rhein Main op 12th"]
[Site "Bad Homburg"]
[Date "2009.06.11"]
[Round "2"]
[White "Prudlo, Simon"]
[Black "Hilbenz, Guntram"]
[Result "1-0"]
[WhiteElo "2238"]
[BlackElo "1982"]
[PlyCount "101"]
[EventDate "2009.06.10"]
[EventType "swiss"]
[EventRounds "7"]
[EventCountry "GER"]
[SourceTitle "CBM 131 Extra"]
[Source "ChessBase"]
[SourceDate "2009.09.03"]
[SourceVersion "2"]
[SourceVersionDate "2009.09.16"]
[SourceQuality "1"]

1. e4 d6 2. d4 Nf6 3. Nc3 e5 4. Nge2 exd4 5. Nxd4 Be7 6. g3 d5 7. e5 Ng4 8. e6 Nf6 9. exf7+ Kxf7 10. Bg2 c6 11. 0-0 Re8 12. Bg5 Na6 13. Qf3 Nc5 14. Nf5 Bxf5 15. Qxf5 Qd7 16. Qf3 Qg4 17. Be3 b6 18. Qxg4 Nxg4 19. Nxd5 cxd5 20. Bxd5+ Kg6 21. Bxc5 Bxc5 22. Bxa8 Rxa8 23. h3 Nf6 24. Kg2 Rd8 25. Rad1 Rxd1 26. Rxd1 a5 27. f4 h5 28. Kf3 Kf7 29. g4 hxg4+ 30. hxg4 g6 31. Rh1 Kg7 32. c3 Be7 33. Re1 Kf7 34. f5 g5 35. Re6 Bd8 36. a4 Bc7 37. Rc6 Bd8 38. Rc4 Ke7 39. b4 axb4 40. cxb4 Kd7 41. Rd4+ Ke7 42. Rd1 Bc7 43. Re1+ Kf7 44. Re6 Bd8 45. Re5 Bc7 46. Rb5 Nd7 47. a5 Kf6 48. a6 Bb8 49. Ke4 Ba7 50. Rd5 Nb8 51. b5 1-0